000 00434nam a2200181Ia 4500
001 4732
005 20260306145817.0
008 260306t2016||||xx |||||||||||||| ||spa||
041 _aESP
082 _a330.015195
_bB163
100 _aBoffelli, Simona
_eAUT
245 0 _aFinancial econometrics using Stata
260 _c2016
300 _axiv, 272 páginas
_c24 cm.
650 _aGEN
654 _aCAN
942 _cLIB
_dJUS
_fJUS
_2ddc
_n
999 _c4732
_d4732